Текст томруулах:    
Islamic chinoiserie (Бичлэгийн дугаар. 144263)
000 -УДИРДЛАГА
Удирдлага 01937nam a2200337 4500
003 - ХЯНАЛТЫН ТОО ТОДОРХОЙЛОГЧ
Код MN-UlNUM
005 - БИЧИЛТ ХИЙСЭН ОГНОО
Тухайн бичилтийг бичсэн засварласан сүүлийн огноо 20251010164705.0
008 - ЕРӨНХИЙ МЭДЭЭЛЭЛ
Ерөнхий мэдээлэл 250918s2018 stko|||| |||| 00| | mon d
020 ## - ISBN
ISBN 9781474437202
-- 9780748635825
040 ## - БИЧЛЭГ ҮҮСГЭГЧ БАЙГУУЛЛАГА
Бичлэг үүсгэгч номын сангийн код МУИС-ийн номын сан
084 ## - ББК АНГИЛАЛ
Нэмэлт тусгалт Нэг сэдэвт бүтээл
Мэдлэгийн ялгаа 85 - Урлаг
ББК ангилал 85(5Irn)
Зохиогчийн гурван тэмдэгт K 13
100 1# - ЗОХИОГЧ
Зохиогчийн нэр Kadoi, Yuka
245 12 - ҮНДСЭН ГАРЧИГ
Номын нэр Islamic chinoiserie
Бага гарчгийн мэдээ The art of Mongol Iran
260 ## - ГАРАЛТЫН МЭДЭЭ
Хэвлэгдсэн газар Edinburgh
Хэвлэлийн газар Edinburgh University Press
Хэвлэгдсэн он 2018
300 ## - МАТЕРИАЛЫН ТОДОРХОЙЛОЛТ
хуудасны тоо xvii, 286 p. :
Бусад тоон мэдээлэл ill. (some col.) ;
Хэмжээ 26 cm
500 ## - Тайлбар
Дансны дугаар ГФ 20873
505 ## - Агуулгын тэмдэглэгээ
Агуулгын тэмдэглэгээ The Mongol invasion in the thirteenth century marked a new phase in the development of Islamic art. Trans-Eurasian exchanges of goods, people and ideas were encouraged on a large scale under the auspices of the Pax Mongolica. With the fascination of portable objects brought from China and Central Asia, a distinctive, hitherto unknown style—Islamic chinoiserie—was born in the art of Iran. Highly illustrated, Islamic Chinoiserie offers a fascinating glimpse into the artistic interaction between Iran and China under the Mongols. By using rich visual materials from various media of decorative and pictorial arts—textiles, ceramics, metalwork and manuscript painting—the book illustrates the process of adoption and adaptation of Chinese themes in the art of Mongol-ruled Iran in a visually compelling way. The observation of this unique artistic phenomenon serves to promote the understanding of the artistic diversity of Islamic art in the Middle Ages.
546 ## - ХЭЛНИЙ ТУХАЙ МЭДЭЭ
Хэл Англи хэл дээр,
653 ## - Түлхүүр үг
Түлхүүр үг art
653 ## - Түлхүүр үг
Түлхүүр үг Islamic art
653 ## - Түлхүүр үг
Түлхүүр үг Chinese influences
740 ## - НОМЫН ГАРЧИГ
Гарчиг Textiles
740 ## - НОМЫН ГАРЧИГ
Гарчиг Ceramics
740 ## - НОМЫН ГАРЧИГ
Гарчиг Metalwork and other miscellaneous objects
740 ## - НОМЫН ГАРЧИГ
Гарчиг Manuscript painting 1
740 ## - НОМЫН ГАРЧИГ
Гарчиг Manuscript painting 2
740 ## - НОМЫН ГАРЧИГ
Гарчиг Manuscript painting 3
942 ## - ЭЛЕМЕНТИЙН ТӨРӨЛ
Зүйлийн төрөл Ном